Quick Hiring (Record no. 15652)

MARC details
000 -LEADER
fixed length control field 00323nam a2200145Ia 4500
008 - FIXED-LENGTH DATA ELEMENTS--GENERAL INFORMATION
fixed length control field 221030s9999 xx 000 0 und d
041 ## - LANGUAGE CODE
Language code of text/sound track or separate title
082 ## - DEWEY DECIMAL CLASSIFICATION NUMBER
Classification number 105.6
100 ## - MAIN ENTRY--AUTHOR NAME
Personal name Deepa Thakur /231
245 #0 - TITLE STATEMENT
Title Quick Hiring
250 ## - EDITION STATEMENT
Edition statement 2010
260 ## - PUBLICATION, DISTRIBUTION, ETC. (IMPRINT)
Name of publisher Chandigarh
Place of publication Chandigarh
Year of publication 2010
650 ## - SUBJECT ADDED ENTRY--TOPICAL TERM
Topical Term MCA
942 ## - ADDED ENTRY ELEMENTS (KOHA)
Koha item type Thesis
Holdings
Accession Number Full call number Price effective from Koha item type Withdrawn / writtenoff status Materials specified (bound volume or other part) Damaged status Not for loan Permanent Location Current Location Shelving location Date acquired Lost/ Missing status department
MCA-189 105.6 10/30/2022 Thesis   Print     MIET Library, Jammu MIET Library, Jammu BL-Academic Block -b, FL-2, CUP-0, SH-0, R-0 11/06/2015   MCA